000
00304nam a2200121Ia 4500
008
240624s9999 xx 000 0 und d
041
_a
eng
082
_a
823 JOS
100
_a
KAKKAR S B
245
_a
MISS LAILA ARMED AND DANGEROUS
260
_c
2017
_a
New York
_b
Harper Collins Publishers
365
_c
RS
999
_c
30231
_d
30231